000 00337nam a22001217a 4500
041 _aENG
100 _aJain.R.K
245 _aBiomass Production And Soil Amelioration In A High Dendity Terminala Arjuna plantaion On Sodic Soils
260 _aNew Delhi
_bBIS
_c1998
300 _a06
650 _aBIS Tist Code
856 _uBIS Tist Code
999 _c2137
_d2137